SKIDADDLE! - Statistics

General Stats
  • This quiz has been taken 3 times
  • The average score is 7 of 15
Answer Stats
Hint Answer % Correct
glue
100%
mr magee
100%
oval
100%
sister andrea
100%
sister mildred
100%
kentucky is a state
50%
millard fillmore cups
50%
oklahoma and its city
50%
yan mith
50%
curry
0%
ermahgerd
0%
finding emo
0%
floor it
0%
huitson
0%
nebraskalaska
0%
No matching quizzes found
Score Distribution
Percent of People with Each Score
Percentile by Number Answered
Your Score History
You have not taken this quiz